000 00785nam a22002297a 4500
999 _c10503
_d10503
005 20251125232827.0
008 s2544 th tha d
020 _a974230791X
040 _aNALT
041 _atha
050 _aDS523.4.T35 ธ639ก 2544
100 0 _aธีรภาพ โลหิตกุล
245 1 0 _aกว่าจะรู้ค่า....คนไทในอุษาคเนย์ [2nd]
260 3 _aกรุงเทพฯ :
_bประพันธ์สาส์น,
_c2544
300 _a280 หน้า :
_b ภาพประกอบ ;
_c 21 ซม.
650 0 4 _aชาวไต
650 0 4 _aชาวไท
850 _aNALT
856 4 0 _uhttps://hdl.handle.net/20.500.14156/333862
_71
942 _cGB
_2lcc